[Event "XXI Festival"]
[Site "Arco ITA"]
[Date "1999.10.25"]
[Round "3"]
[White "Zucchelli, Massimo"]
[Black "Medancic, Rikard"]
[Result "0-1"]
[WhiteElo "2199"]
[BlackElo "2329"]
[PlyCount "36"]
[EventDate "1999.10.23"]

1.d4 d5 2.Nf3 Nf6 3.g3 Bg4 4.Bg2 e6 5.O-O Be7 6.c4 c6 7.Nbd2 Nbd7 8.b3 O-O
9.Bb2 a5 10.h3 Bh5 11.a3 h6 12.Re1 Bg6 13.Ne5 Nxe5 14.dxe5 Nd7 15.e4 Nc5 
16.Bd4 Nd3 17.Re3 dxe4 18.Bxe4 Nxf2 0-1

[Event "XXI Festival"]
[Site "Arco ITA"]
[Date "1999.10.26"]
[Round "4"]
[White "Astengo, Marcello"]
[Black "Mordiglia, Riccardo"]
[Result "1-0"]
[WhiteElo "2017"]
[BlackElo "2118"]
[PlyCount "69"]
[EventDate "1999.10.23"]

1.d4 d5 2.Nf3 Nc6 3.Bf4 Bg4 4.e3 e6 5.Bd3 Bd6 6.Bg3 Nge7 7.Nbd2 Nb4 8.Bb5+
c6 9.Ba4 Bxg3 10.hxg3 Nf5 11.a3 Na6 12.c3 Nb8 13.Qc2 Nd7 14.Qd3 Qc7 15.c4 
dxc4 16.Qxc4 Nd6 17.Qb4 Bf5 18.Rc1 Nf6 19.Ne5 a5 20.Qb3 O-O 21.Qd1 Nde4 
22.Ndf3 Nd5 23.g4 Bg6 24.Bc2 Nd6 25.Nxg6 hxg6 26.Ne5 Nf6 27.Qf3 Rfd8 28.g5
Nd7 29.Qh3 Kf8 30.Nxg6+ fxg6 31.Qxe6 Nf7 32.Bxg6 Nde5 33.dxe5 Qe7 34.Qf5 
Qd7 35.Rh8+ 1-0

[Event "XXI Festival"]
[Site "Arco ITA"]
[Date "1999.10.26"]
[Round "4"]
[White "Blasco, Domenico"]
[Black "Klimm, Wolf-Dietrich"]
[Result "0-1"]
[WhiteElo "2111"]
[BlackElo "2212"]
[PlyCount "66"]
[EventDate "1999.10.23"]

1.d4 Nf6 2.e3 d5 3.Bd3 c5 4.c3 Qc7 5.Nf3 Nbd7 6.Nbd2 e5 7.Nxe5 Nxe5 8.dxe5
Qxe5 9.e4 c4 10.Bc2 dxe4 11.Nxc4 Qc5 12.Qe2 Bg4 13.Ba4+ Kd8 14.Qd2+ Kc8 
15.Ne3 Be6 16.b4 Qc7 17.Bb3 Bxb3 18.axb3 Be7 19.Nf5 Rd8 20.Nxe7+ Qxe7 21.
Qe2 Rd3 22.Be3 Nd5 23.Bc5 Qe6 24.O-O Nf4 25.Qc2 Qg4 26.g3 Ne2+ 27.Qxe2 
Qxe2 28.Rfe1 Qf3 29.Bd4 h5 30.h4 g5 31.hxg5 h4 32.gxh4 Qg4+ 33.Kf1 Rh3 0-1

[Event "XXI Festival"]
[Site "Arco ITA"]
[Date "1999.10.26"]
[Round "4"]
[White "Cavatorta, Fosco"]
[Black "Carli, Carlo"]
[Result "1/2-1/2"]
[WhiteElo "2066"]
[BlackElo "2074"]
[PlyCount "85"]
[EventDate "1999.10.23"]

1.d4 Nf6 2.Nf3 g6 3.Bf4 Bg7 4.e3 O-O 5.Be2 d6 6.h3 c5 7.c3 Qb6 8.Qb3 Be6 
9.Qxb6 axb6 10.a3 c4 11.Nbd2 d5 12.O-O h6 13.Ne5 Nfd7 14.Nxd7 Nxd7 15.e4 
b5 16.Bf3 Nb6 17.Rfe1 Rfe8 18.Bc7 dxe4 19.Bxb6 exf3 20.Nxf3 Bd5 21.Ne5 
Bxe5 22.Rxe5 e6 23.Rae1 f5 24.R5e3 Kf7 25.Bc7 g5 26.g3 Rg8 27.f4 Ke7 28.
Be5 Kd7 29.Kh2 Kc6 30.R1e2 gxf4 31.Bxf4 h5 32.h4 Rg6 33.Kh3 Kb6 34.Rf2 Ka5
35.Be5 Ka4 36.Bf4 Rg4 37.Re1 Kb3 38.Re3 Ra6 39.Kh2 Be4 40.Kh3 Rg8 41.Bg5 
Rga8 42.Be7 Re8 43.Bg5 1/2-1/2

[Event "XXI Festival"]
[Site "Arco ITA"]
[Date "1999.10.26"]
[Round "4"]
[White "Dalponte, Dino"]
[Black "Tatai, Stefano"]
[Result "0-1"]
[WhiteElo "2163"]
[BlackElo "2357"]
[PlyCount "58"]
[EventDate "1999.10.23"]

1.d4 d5 2.c3 Nf6 3.Bf4 g6 4.e3 Bg7 5.Bd3 O-O 6.Nd2 Nbd7 7.Bg3 c5 8.f4 Ne8 
9.Ngf3 Nd6 10.O-O Nf6 11.Nh4 Qb6 12.Qb3 e6 13.Qxb6 axb6 14.dxc5 bxc5 15.f5
Nde4 16.Bxe4 Nxe4 17.Nxe4 dxe4 18.fxg6 fxg6 19.Bd6 Rxf1+ 20.Kxf1 g5 21.
Bxc5 gxh4 22.Be7 h3 23.gxh3 e5 24.h4 Be6 25.a3 Re8 26.Bc5 Rd8 27.a4 Bf6 
28.a5 Bxh4 29.a6 bxa6 0-1

[Event "XXI Festival"]
[Site "Arco ITA"]
[Date "1999.10.26"]
[Round "4"]
[White "Diotallevi, Maurizio"]
[Black "Haag, Martin"]
[Result "0-1"]
[WhiteElo "1909"]
[BlackElo "2292"]
[PlyCount "94"]
[EventDate "1999.10.23"]

1.d4 d5 2.c4 e6 3.Nc3 c5 4.cxd5 exd5 5.Nf3 Nc6 6.Bg5 f6 7.Be3 c4 8.g3 Bb4 
9.Bg2 Nge7 10.O-O O-O 11.Ne1 Be6 12.Nc2 Bxc3 13.bxc3 Qd7 14.Re1 b5 15.Bd2 
Rfb8 16.Rb1 Bf5 17.Rb2 a5 18.a3 b4 19.e4 Bxe4 20.Bxe4 dxe4 21.Rxe4 Nd5 22.
axb4 axb4 23.Ne3 bxc3 24.Rxb8+ Rxb8 25.Be1 Nxe3 26.Rxe3 Qxd4 27.Qxd4 Nxd4 
28.Bxc3 Rb1+ 29.Kg2 Nb5 30.Ba5 Kf7 31.Re4 Rc1 32.Bd2 Rc2 33.Be3 Nd6 34.Rd4
Ke6 35.Bf4 Nf5 36.Rd8 g5 37.Bb8 h5 38.h3 Rb2 39.Ba7 Rb7 40.Bd4 Nxd4 41.
Rxd4 Rc7 42.Rd2 c3 43.Rc2 Kd5 44.Kf3 Kc4 45.Ke2 Kb3 46.Kd1 Rd7+ 47.Kc1 Re7
0-1

[Event "XXI Festival"]
[Site "Arco ITA"]
[Date "1999.10.26"]
[Round "4"]
[White "Efimov, Igor"]
[Black "Rytshagov, Mikhail"]
[Result "1-0"]
[WhiteElo "2445"]
[BlackElo "2539"]
[PlyCount "63"]
[EventDate "1999.10.23"]

1.d4 Nf6 2.Bg5 Ne4 3.Bf4 d5 4.e3 c5 5.c3 Nc6 6.Bd3 cxd4 7.exd4 Bf5 8.Ne2 
e6 9.Ng3 Nxg3 10.hxg3 Bxd3 11.Qxd3 Qb6 12.Nd2 h6 13.b3 Rc8 14.g4 Ne7 15.
Be3 Ng6 16.c4 Qa6 17.f4 Bb4 18.O-O Bxd2 19.Qxd2 dxc4 20.bxc4 Rxc4 21.f5 
Ne7 22.Rae1 Qc6 23.fxe6 fxe6 24.Qf2 Rc2 25.Qf7+ Kd7 26.Bf2 Re8 27.d5 exd5 
28.Qxg7 d4 29.Qxd4+ Kc8 30.Qxa7 Qa6 31.Qxa6 bxa6 32.Bh4 1-0

[Event "XXI Festival"]
[Site "Arco ITA"]
[Date "1999.10.26"]
[Round "4"]
[White "Epishin, Vladimir V."]
[Black "Rotstein, Arkadij"]
[Result "1-0"]
[WhiteElo "2657"]
[BlackElo "2460"]
[PlyCount "101"]
[EventDate "1999.10.23"]

1.Nf3 Nf6 2.c4 e6 3.g3 d5 4.b3 Be7 5.Bg2 O-O 6.O-O c5 7.Bb2 Nc6 8.e3 b6 9.
Nc3 Bb7 10.d3 dxc4 11.bxc4 Qc7 12.Qe2 Rad8 13.Rfd1 Rfe8 14.a4 Nd7 15.Nd2 
Nb4 16.Na2 Bxg2 17.Kxg2 Nc6 18.Nf3 Bf6 19.Nc3 Qb7 20.Rab1 Bxc3 21.Bxc3 e5 
22.a5 Nd4 23.Bxd4 exd4 24.axb6 axb6 25.e4 f5 26.Nd2 Ne5 27.f3 Qc6 28.Kh1 
Ra8 29.Ra1 Rxa1 30.Rxa1 b5 31.cxb5 Qxb5 32.Ra3 Qb2 33.Rb3 Qc1+ 34.Kg2 f4 
35.Nc4 Nxc4 36.dxc4 fxg3 37.hxg3 Ra8 38.f4 Qa1 39.Rb2 h6 40.e5 Qc1 41.Rb7 
d3 42.Qf3 Qxc4 43.f5 Rd8 44.e6 d2 45.Rd7 Rb8 46.Rxd2 Kh7 47.Re2 Rb3 48.Qe4
Qxe4+ 49.Rxe4 Rb8 50.Kf3 Rc8 51.Rc4 1-0

[Event "XXI Festival"]
[Site "Arco ITA"]
[Date "1999.10.26"]
[Round "4"]
[White "Falbo, Sandro"]
[Black "Zucchelli, Massimo"]
[Result "0-1"]
[WhiteElo "2082"]
[BlackElo "2199"]
[PlyCount "104"]
[EventDate "1999.10.23"]

1.e4 e6 2.d4 d5 3.e5 c5 4.c3 Nc6 5.Nf3 Bd7 6.Be2 Nh6 7.Na3 cxd4 8.cxd4 Nf5
9.Nc2 Be7 10.O-O O-O 11.g4 Nh4 12.Nxh4 Bxh4 13.Be3 f6 14.exf6 Bxf6 15.Qd2 
Be7 16.f4 Bd6 17.Bd3 Ne7 18.Qg2 Rf7 19.Rae1 Qb6 20.Bc1 Raf8 21.Qh3 Ng6 22.
f5 exf5 23.Bxf5 Bxf5 24.Rxf5 Rxf5 25.gxf5 Ne7 26.Rf1 Be5 27.Qd3 Bf6 28.b3 
Nc6 29.Be3 Re8 30.Bf2 Re4 31.Rd1 h6 32.Kh1 Ne7 33.Re1 Rxe1+ 34.Nxe1 Qc7 
35.Qb5 Qf4 36.Bg3 Qe4+ 37.Kg1 Bxd4+ 38.Kf1 Nxf5 39.Qxb7 Kh7 40.Qf7 Ne3+ 
41.Ke2 Nc2+ 42.Kf1 Nxe1 43.Bxe1 Qh1+ 44.Ke2 Qxh2+ 45.Kd1 Qe5 46.Bd2 Qe4 
47.b4 a6 48.a4 Be5 49.b5 axb5 50.axb5 d4 51.b6 d3 52.b7 Bg3 0-1

[Event "XXI Festival"]
[Site "Arco ITA"]
[Date "1999.10.26"]
[Round "4"]
[White "Fercec, Nenad"]
[Black "Haldemann, Paul"]
[Result "1-0"]
[WhiteElo "2476"]
[BlackElo "2235"]
[PlyCount "45"]
[EventDate "1999.10.23"]

1.e4 c5 2.Nf3 e6 3.d4 cxd4 4.Nxd4 a6 5.Bd3 Nf6 6.O-O Qc7 7.Qe2 d5 8.Nc3 
Nc6 9.Be3 dxe4 10.Nxe4 Be7 11.Nxc6 Qxc6 12.Bd4 Bd7 13.Be5 Qd5 14.f4 Bc6 
15.c4 Qd8 16.Kh1 O-O 17.Nxf6+ Bxf6 18.Rad1 Qa5 19.b4 Qxb4 20.Bxf6 gxf6 21.
Bxh7+ Kxh7 22.Qh5+ Kg7 23.Qg4+ 1-0

[Event "XXI Festival"]
[Site "Arco ITA"]
[Date "1999.10.26"]
[Round "4"]
[White "Gorbatov, Alexej"]
[Black "Rahls, Peter"]
[Result "1-0"]
[WhiteElo "2353"]
[BlackElo "2278"]
[PlyCount "99"]
[EventDate "1999.10.23"]

1.d4 c5 2.d5 e5 3.e4 d6 4.Nc3 a6 5.a4 Be7 6.Nf3 Bg4 7.b3 Nf6 8.Be2 O-O 9.
Nd2 Bxe2 10.Qxe2 Ne8 11.Nc4 Nd7 12.O-O Bg5 13.Bb2 Nb6 14.Na3 g6 15.a5 Nc8 
16.Nc4 f5 17.exf5 gxf5 18.g3 f4 19.Qg4 Kh8 20.Ne4 Bh6 21.Qh5 Bg7 22.Ng5 
Nf6 23.Nf7+ Rxf7 24.Qxf7 b5 25.axb6 Nxb6 26.gxf4 Nfxd5 27.Nxb6 Nxf4 28.Qb7
Rb8 29.Qf3 Qxb6 30.Ra4 Rf8 31.Kh1 Ng6 32.Qg3 Qb5 33.Qd3 Qb7+ 34.f3 Qd7 35.
Rg4 d5 36.Rfg1 Qf7 37.R1g3 a5 38.Qe3 d4 39.Qe4 c4 40.Rh3 Kg8 41.bxc4 Qxc4 
42.Rg1 Qf7 43.Bc1 a4 44.Rhg3 Qf5 45.h4 Kh8 46.Bg5 Qxe4 47.fxe4 Nf4 48.Be7 
Rf7 49.Rxg7 Rxg7 50.Bf6 1-0

[Event "XXI Festival"]
[Site "Arco ITA"]
[Date "1999.10.26"]
[Round "4"]
[White "Gorelli Fagiolini, Marco"]
[Black "Ptaschinski, Dirk"]
[Result "1-0"]
[WhiteElo "2206"]
[BlackElo "2182"]
[PlyCount "151"]
[EventDate "1999.10.23"]

1.e4 c5 2.Nf3 e6 3.Nc3 a6 4.d4 cxd4 5.Nxd4 Qc7 6.Bd3 Nf6 7.Qe2 Nc6 8.Nxc6 
dxc6 9.e5 Nd5 10.Nxd5 cxd5 11.O-O h5 12.Kh1 Be7 13.f4 g6 14.Be3 Bc5 15.c3 
Qb6 16.Bxc5 Qxc5 17.Rfd1 Bd7 18.a4 Bc6 19.Bc2 Rd8 20.Rd4 O-O 21.Qd2 Qe7 
22.Re1 Kg7 23.Re3 Rh8 24.Rg3 b5 25.a5 Bb7 26.b4 Bc8 27.Kg1 Bb7 28.Kf1 Bc8 
29.Qf2 Rde8 30.Ke1 Bb7 31.Kd2 Bc8 32.Kc1 Bb7 33.Kb2 Bc8 34.Rg5 Bb7 35.Rd3 
Rd8 36.Qh4 Rde8 37.Rd4 Bc8 38.Qg3 Rd8 39.h4 Rh6 40.Qd3 Qd7 41.Qe3 Qe7 42.
Rd3 Bb7 43.Rd4 Bc8 44.Qg3 Qe8 45.Bd1 Qe7 46.Be2 Bb7 47.Qe3 Bc8 48.Rd1 Rhh8
49.Qd4 Bb7 50.Rh1 Rh6 51.Rh3 Bc8 52.g4 hxg4 53.Bxg4 Rdh8 54.h5 Bd7 55.Rg3 
Kf8 56.hxg6 Rxg6 57.Bd1 Rhg8 58.Rxg6 Rxg6 59.Rxg6 fxg6 60.Qf2 Kg7 61.Bc2 
Bc8 62.Qg1 Qf7 63.Qg5 Bd7 64.Kc1 Be8 65.Kd2 Qf8 66.Ke3 Kh7 67.Qf6 Qxf6 68.
exf6 Kg8 69.Kd4 Kf7 70.Ke5 Bc6 71.Bd1 Be8 72.Bg4 Bd7 73.Kd6 Be8 74.Bxe6+ 
Kxf6 75.Bxd5 Kf5 76.Ke7 1-0

[Event "XXI Festival"]
[Site "Arco ITA"]
[Date "1999.10.26"]
[Round "4"]
[White "Heinig, Wolfram"]
[Black "Heinlein, Reinhold"]
[Result "1-0"]
[WhiteElo "2296"]
[BlackElo "2145"]
[PlyCount "97"]
[EventDate "1999.10.23"]

1.d4 Nf6 2.c4 c5 3.Nf3 g6 4.Nc3 Bg7 5.d5 d6 6.e4 O-O 7.h3 Nbd7 8.Be2 a6 9.
a4 h6 10.O-O Ne8 11.Be3 e6 12.Qd2 Kh7 13.dxe6 fxe6 14.e5 Nxe5 15.Nxe5 Bxe5
16.Bxh6 Ng7 17.Bg5 Qc7 18.g4 b6 19.Be3 Bb7 20.f4 Bf6 21.Bf3 Rad8 22.Qg2 
Bxf3 23.Qxf3 Bd4 24.Rad1 Bxe3+ 25.Qxe3 Qc6 26.Ne4 d5 27.Ng5+ Kg8 28.Qe1 
Rd7 29.Qh4 Ne8 30.Qh6 Rg7 31.Rfe1 Nc7 32.Nxe6 Nxe6 33.cxd5 Qxa4 34.dxe6 
Qb3 35.Qh4 Rh7 36.Qf2 Qxh3 37.Qg2 Qh4 38.Rf1 Re7 39.Rd6 Qf6 40.f5 Qg5 41.
Rxb6 Qh4 42.fxg6 Rxf1+ 43.Kxf1 Re8 44.g7 Kxg7 45.Rb7+ Kh8 46.Qf3 Qh6 47.g5
Rf8 48.Rf7 Rxf7 49.exf7 1-0

[Event "XXI Festival"]
[Site "Arco ITA"]
[Date "1999.10.26"]
[Round "4"]
[White "Hocevar, Nikola"]
[Black "Ager, Josef"]
[Result "1-0"]
[WhiteElo "2174"]
[BlackElo "2330"]
[PlyCount "56"]
[EventDate "1999.10.23"]

1.c4 g6 2.Nf3 Bg7 3.d4 d6 4.Nc3 Nf6 5.e4 O-O 6.Be2 Na6 7.h3 e5 8.O-O exd4 
9.Nxd4 Nc5 10.Bf3 Re8 11.Re1 Nfd7 12.Be3 a5 13.Qd2 c6 14.Rad1 Qb6 15.Qc2 
Qb4 16.Be2 a4 17.Bf1 Nf6 18.a3 Qa5 19.f3 Nh5 20.Qf2 Nd7 21.Qc2 Qc7 22.g4 
Nhf6 23.Bf4 Qa5 24.Bxd6 Bf8 25.Bxf8 Kxf8 26.Qd2 Ng8 27.Ncb5 Qb6 28.Nc7 
Qxc7 1-0

[Event "XXI Festival"]
[Site "Arco ITA"]
[Date "1999.10.26"]
[Round "4"]
[White "Lantini, Marco"]
[Black "Frilli, Fabio"]
[Result "1-0"]
[WhiteElo "2193"]
[BlackElo "1915"]
[PlyCount "51"]
[EventDate "1999.10.23"]

1.e4 c5 2.Nf3 Nc6 3.d4 cxd4 4.Nxd4 Nf6 5.Nc3 e5 6.Ndb5 d6 7.Bg5 a6 8.Na3 
b5 9.Bxf6 gxf6 10.Nd5 f5 11.exf5 Bxf5 12.c3 Bg7 13.Nc2 O-O 14.Nce3 Be6 15.
Bd3 f5 16.O-O e4 17.Nf4 Bf7 18.Bc2 Be5 19.Nfd5 Qh4 20.g3 Qh3 21.f4 Bg7 22.
Bb3 Kh8 23.Nc7 Bh5 24.Qd2 Ra7 25.Ne6 Rf6 26.Ng5 1-0

[Event "XXI Festival"]
[Site "Arco ITA"]
[Date "1999.10.26"]
[Round "4"]
[White "Lettich, Sergio"]
[Black "Sturma, Mauro"]
[Result "0-1"]
[WhiteElo "2182"]
[BlackElo "2095"]
[PlyCount "40"]
[EventDate "1999.10.23"]

1.d4 Nf6 2.c4 e5 3.dxe5 Ng4 4.Nf3 Bc5 5.e3 Nc6 6.Be2 O-O 7.O-O Ngxe5 8.
Nxe5 Nxe5 9.Nc3 Re8 10.b3 a5 11.Bb2 Ra6 12.Nb5 Rh6 13.g3 b6 14.Nd4 Bb7 15.
f3 Qf6 16.f4 Nc6 17.Qd2 Nxd4 18.Bxd4 Bxd4 19.exd4 Rxe2 20.Qxe2 Qxd4+ 0-1

[Event "XXI Festival"]
[Site "Arco ITA"]
[Date "1999.10.26"]
[Round "4"]
[White "Lieb, Harald"]
[Black "Schiappacasse, Marcello"]
[Result "1-0"]
[WhiteElo "2254"]
[BlackElo "2011"]
[PlyCount "41"]
[EventDate "1999.10.23"]

1.d4 f5 2.g3 Nf6 3.Bg2 g6 4.Nf3 Bg7 5.O-O O-O 6.b3 d6 7.Bb2 c6 8.c4 Qe8 9.
d5 Na6 10.Nc3 Bd7 11.Nd4 Nc7 12.e3 cxd5 13.cxd5 e5 14.dxe6 Nxe6 15.Nxe6 
Bxe6 16.Bxb7 Ne4 17.Nxe4 Bxb2 18.Nxd6 Qd7 19.Bxa8 Rxa8 20.Qf3 Rd8 21.Rad1 
1-0

[Event "XXI Festival"]
[Site "Arco ITA"]
[Date "1999.10.26"]
[Round "4"]
[White "Luciani, Carlo"]
[Black "Borgo, Giulio"]
[Result "0-1"]
[WhiteElo "2228"]
[BlackElo "2444"]
[PlyCount "134"]
[EventDate "1999.10.23"]

1.e4 c5 2.Nf3 e6 3.b3 Nc6 4.Bb2 d6 5.d4 cxd4 6.Nxd4 a6 7.g3 Qc7 8.Bg2 Nf6 
9.O-O Bd7 10.Nd2 Be7 11.h3 O-O 12.c4 Rfd8 13.Qe2 Nxd4 14.Bxd4 Bc6 15.Rfd1 
Nd7 16.Nf3 b5 17.Bb2 bxc4 18.Qxc4 Rac8 19.Nd4 Bb7 20.Qxc7 Rxc7 21.Rd2 Rdc8
22.Rad1 Nf6 23.f3 g5 24.Ba3 h5 25.Ne2 Ne8 26.f4 gxf4 27.Nxf4 h4 28.gxh4 
Bxh4 29.Bxd6 Nxd6 30.Rxd6 Bg5 31.Rf1 Rc2 32.Rd3 Kh7 33.Rg3 Rg8 34.Kh1 Bxf4
35.Rxg8 Kxg8 36.Rxf4 Rxa2 37.Rg4+ Kf8 38.Rg3 Rb2 39.Rc3 Kg7 40.Rg3+ Kf8 
41.h4 Ke7 42.h5 Rc2 43.Rg8 Rc5 44.Bf3 Re5 45.Kg2 Bxe4 46.Bxe4 Rxe4 47.Kg3 
Re1 48.Ra8 Rh1 49.Kg4 f5+ 50.Kg5 Rg1+ 51.Kf4 Rg4+ 52.Kf3 Rh4 53.Ra7+ Kf6 
54.Kg3 Rxh5 55.Rxa6 Rh1 56.Ra8 Ke5 57.b4 Ke4 58.b5 Rb1 59.Ra4+ Ke5 60.Ra5 
f4+ 61.Kg4 Rg1+ 62.Kf3 Rg3+ 63.Kf2 Rb3 64.b6+ Ke4 65.Ra4+ Kf5 66.Ra6 Rb2+ 
67.Kf3 e5 0-1

[Event "XXI Festival"]
[Site "Arco ITA"]
[Date "1999.10.26"]
[Round "4"]
[White "Mauro, Alan"]
[Black "Kloster, Josef"]
[Result "1/2-1/2"]
[WhiteElo "2278"]
[BlackElo "2145"]
[PlyCount "88"]
[EventDate "1999.10.23"]

1.e4 e5 2.Nc3 Nc6 3.Nf3 Nf6 4.Bb5 Bc5 5.O-O O-O 6.d3 d6 7.Bg5 h6 8.Bh4 Nd4
9.Nxd4 Bxd4 10.Kh1 g5 11.Bg3 c6 12.Bc4 b5 13.Bb3 Be6 14.Ne2 Bxb2 15.Rb1 
Ba3 16.f3 Bxb3 17.Rxb3 Bc5 18.d4 Bxd4 19.Nxd4 exd4 20.Qxd4 Ne8 21.f4 Qf6 
22.Qd1 Qe7 23.fxg5 hxg5 24.Qg4 f6 25.Rd3 Rd8 26.h4 Qd7 27.Qd1 Qh7 28.e5 
fxe5 29.Rxf8+ Kxf8 30.Qg4 e4 31.Rd1 Rd7 32.Qxg5 Rg7 33.Bxd6+ Nxd6 34.Qf6+ 
Rf7 35.Qxd6+ Kg8 36.Qd8+ Kg7 37.Rd7 Qf5 38.Rxf7+ Kxf7 39.Qc7+ Kf8 40.Qb8+ 
Ke7 41.Qxa7+ Ke6 42.Kg1 Qf4 43.Qa3 Qd2 44.Qb3+ Ke7 1/2-1/2

[Event "XXI Festival"]
[Site "Arco ITA"]
[Date "1999.10.26"]
[Round "4"]
[White "Medancic, Rikard"]
[Black "Arlandi, Ennio"]
[Result "1/2-1/2"]
[WhiteElo "2329"]
[BlackElo "2465"]
[PlyCount "44"]
[EventDate "1999.10.23"]

1.e4 c5 2.Nf3 e6 3.d4 cxd4 4.Nxd4 Nf6 5.Nc3 d6 6.Be3 a6 7.g4 h6 8.Rg1 Nc6 
9.Be2 d5 10.exd5 Nxd5 11.Nxd5 Qxd5 12.Bf3 Qa5+ 13.c3 Ne5 14.Be2 Bd7 15.f4 
Nc6 16.Qb3 Qc7 17.Nxc6 Bxc6 18.Qb6 Bd6 19.Qxc7 Bxc7 20.O-O-O Rd8 21.Rxd8+ 
Kxd8 22.Rf1 f6 1/2-1/2

[Event "XXI Festival"]
[Site "Arco ITA"]
[Date "1999.10.26"]
[Round "4"]
[White "Naumkin, Igor"]
[Black "Drasko, Milan"]
[Result "1/2-1/2"]
[WhiteElo "2489"]
[BlackElo "2509"]
[PlyCount "21"]
[EventDate "1999.10.23"]

1.d4 d5 2.c4 dxc4 3.Nf3 a6 4.e3 e6 5.Bxc4 c5 6.a4 Nf6 7.O-O Nc6 8.Qe2 Qc7 
9.Rd1 Bd6 10.h3 O-O 11.Nc3 1/2-1/2

[Event "XXI Festival"]
[Site "Arco ITA"]
[Date "1999.10.26"]
[Round "4"]
[White "Ragonese, Lucio Rosario"]
[Black "Valenti, Giuseppe"]
[Result "0-1"]
[WhiteElo "2010"]
[BlackElo "2227"]
[PlyCount "90"]
[EventDate "1999.10.23"]

1.d4 Nf6 2.Nf3 e6 3.Bg5 c5 4.e3 Qb6 5.Qc1 Nc6 6.c3 Be7 7.Bd3 d5 8.Nbd2 Bd7
9.Qc2 Rc8 10.a3 h6 11.Bf4 Nh5 12.Be5 Nxe5 13.Nxe5 Nf6 14.Nxd7 Nxd7 15.O-O 
O-O 16.Nf3 Bd6 17.Qe2 c4 18.Bc2 f5 19.Rab1 Qc7 20.g3 Rf6 21.Nd2 Rcf8 22.f4
g5 23.Rf2 b5 24.Nf3 g4 25.Ne5 Bxe5 26.fxe5 R6f7 27.Rbf1 h5 28.Qd2 Nb6 29.
Rf4 Qe7 30.Qg2 Qg5 31.Bd1 Rg7 32.Qf2 Rff7 33.Bc2 Qg6 34.Bxf5 Rxf5 35.Rxf5 
Qxf5 36.Qxf5 exf5 37.Rxf5 Rf7 38.Rxh5 Kf8 39.Rg5 Ke7 40.Rxg4 Na4 41.Rf4 
Nxb2 42.g4 Nd1 43.g5 Nxc3 44.Rxf7+ Kxf7 45.h4 Ne4 0-1

[Event "XXI Festival"]
[Site "Arco ITA"]
[Date "1999.10.26"]
[Round "4"]
[White "Rossi, Carlo"]
[Black "Burchert, Wolfgang"]
[Result "1-0"]
[WhiteElo "2361"]
[BlackElo "2187"]
[PlyCount "69"]
[EventDate "1999.10.23"]

1.d4 Nf6 2.g4 Nxg4 3.e4 d5 4.Be2 Nf6 5.e5 Ng8 6.c4 c6 7.Nc3 e6 8.h4 Ne7 9.
h5 h6 10.Rh4 Nf5 11.Rf4 dxc4 12.Bxc4 Nd7 13.Qb3 Nb6 14.Rxf5 Nxc4 15.Rxf7 
Kxf7 16.Qxc4 Qh4 17.Qe2 Bb4 18.Qf3+ Ke8 19.Ne2 Rf8 20.Nf4 Bd7 21.Be3 Rxf4 
22.Bxf4 Ke7 23.O-O-O Rf8 24.Ne2 Ke8 25.Rh1 Qg5 26.Rg1 Qe7 27.Qb3 Bc8 28.a3
Ba5 29.Be3 Bc7 30.Qc2 c5 31.Nf4 Rxf4 32.Bxf4 cxd4 33.Bxh6 gxh6 34.Rg8+ Kd7
35.Qa4+ 1-0

[Event "XXI Festival"]
[Site "Arco ITA"]
[Date "1999.10.26"]
[Round "4"]
[White "Rossi, Giampiero"]
[Black "Prang, Edgar"]
[Result "0-1"]
[WhiteElo "2020"]
[BlackElo "2249"]
[PlyCount "84"]
[EventDate "1999.10.23"]

1.d4 d5 2.c4 e6 3.Nc3 c6 4.e3 Nf6 5.Nf3 Nbd7 6.Qc2 Bd6 7.Bd2 O-O 8.Rc1 Qe7
9.a3 a6 10.cxd5 exd5 11.Bd3 Re8 12.O-O Nf8 13.h3 Ne4 14.Rfd1 g5 15.Be1 g4 
16.hxg4 Bxg4 17.Be2 Bxf3 18.Bxf3 f5 19.g3 Qg5 20.Bg2 Qg6 21.Nxe4 fxe4 22.
b4 Qh5 23.a4 Ne6 24.b5 Rac8 25.bxa6 bxa6 26.Rb1 Ng5 27.Rb6 Red8 28.Rdb1 
Nf3+ 29.Kf1 Qh2 30.Rxc6 Rxc6 31.Qxc6 Qg1+ 32.Ke2 Qxg2 33.Qxd5+ Kh8 34.Bc3 
Rf8 35.Qxd6 Ng1+ 36.Kd1 Qf1+ 37.Kc2 Rxf2+ 38.Kb3 Qxb1+ 39.Kc4 Qd3+ 40.Kb3 
Qb1+ 41.Kc4 Qd3+ 42.Kb4 Qc2 0-1

[Event "XXI Festival"]
[Site "Arco ITA"]
[Date "1999.10.26"]
[Round "4"]
[White "Slobodjan, Roman"]
[Black "Ortega, Lexy"]
[Result "1-0"]
[WhiteElo "2550"]
[BlackElo "2499"]
[PlyCount "69"]
[EventDate "1999.10.23"]

1.e4 c5 2.Nf3 e6 3.Qe2 b6 4.g3 Bb7 5.Bg2 Nf6 6.d3 d5 7.e5 Nfd7 8.h4 Nc6 9.
Bf4 Qc7 10.O-O Be7 11.Re1 Nf8 12.Na3 h6 13.c3 O-O-O 14.d4 c4 15.Nc2 Kb8 
16.h5 g5 17.Bd2 Nh7 18.Nh2 f5 19.exf6 Nxf6 20.b3 cxb3 21.axb3 Bc8 22.b4 
Bd6 23.Na3 a6 24.b5 Na5 25.bxa6 Bxa3 26.Rxa3 Ka7 27.Nf1 Rhf8 28.Ne3 Ne4 
29.Bxe4 dxe4 30.c4 Nc6 31.Nc2 e5 32.d5 Nd4 33.Nxd4 exd4 34.Qxe4 Qxc4 35.
Rc1 1-0

[Event "XXI Festival"]
[Site "Arco ITA"]
[Date "1999.10.26"]
[Round "4"]
[White "Svensson, Leif"]
[Black "Barbafiera, Luigi"]
[Result "1/2-1/2"]
[WhiteElo "2221"]
[BlackElo "1915"]
[PlyCount "61"]
[EventDate "1999.10.23"]

1.Nf3 c5 2.g3 g6 3.Bg2 Bg7 4.O-O Nf6 5.d3 O-O 6.Nbd2 Nc6 7.a4 d6 8.e4 e5 
9.c3 h6 10.Nc4 Be6 11.Ne3 Qd7 12.Ne1 d5 13.exd5 Nxd5 14.Qe2 Rad8 15.a5 Kh7
16.Nc4 f5 17.Nf3 Nxc3 18.bxc3 Qxd3 19.Qxd3 Rxd3 20.Nb2 Rxc3 21.Na4 Rc2 22.
Rb1 Nxa5 23.Rd1 e4 24.Ne1 Rc4 25.Nb2 Rb4 26.Nc2 Rb6 27.Bd2 Rd8 28.Ne3 Nb3 
29.Nbc4 Rb5 30.Na3 Rb6 31.Nac4 1/2-1/2

[Event "XXI Festival"]
[Site "Arco ITA"]
[Date "1999.10.26"]
[Round "4"]
[White "Timoscenko, Gennadij A."]
[Black "Skembris, Spyridon"]
[Result "1/2-1/2"]
[WhiteElo "2536"]
[BlackElo "2477"]
[PlyCount "113"]
[EventDate "1999.10.23"]

1.d4 d5 2.c4 c6 3.Nc3 Nf6 4.e3 e6 5.Nf3 Nbd7 6.Qc2 Bd6 7.Be2 O-O 8.O-O 
dxc4 9.Bxc4 b5 10.Be2 Bb7 11.Rd1 Qb8 12.b3 a6 13.Ne4 Nxe4 14.Qxe4 c5 15.
Qh4 cxd4 16.Nxd4 Ne5 17.Bb2 Ng6 18.Qh3 Be5 19.Rac1 Rc8 20.Qh5 Rxc1 21.Rxc1
Qd6 22.Bf3 Bxf3 23.Qxf3 Rd8 24.g3 Bxd4 25.Bxd4 e5 26.Rc6 Qd7 27.Bb6 Rc8 
28.Rxc8+ Qxc8 29.Qd5 h5 30.h4 Qc2 31.Qa8+ Kh7 32.Qf3 Kh8 33.Qa8+ Kh7 34.
Qf3 Kg8 35.Qxh5 Qxa2 36.Qd1 Qa3 37.Qd5 Qc1+ 38.Kh2 Qc2 39.e4 Qe2 40.Be3 
Qf3 41.Kg1 Kh7 42.h5 Qxh5 43.Qxf7 a5 44.Qd7 Qf3 45.Qxb5 Qxe4 46.Bd2 Qb1+ 
47.Kh2 Qf5 48.Qf1 Qf3 49.Qh3+ Kg8 50.Qe6+ Kh7 51.Be3 Qe4 52.Qf7 a4 53.Bg5 
Qg4 54.Bf6 Nf4 55.Qxg7+ Qxg7 56.Bxg7 axb3 57.Bxe5 1/2-1/2

[Event "XXI Festival"]
[Site "Arco ITA"]
[Date "1999.10.26"]
[Round "4"]
[White "Wagman, Stuart"]
[Black "Trabert, Bettina"]
[Result "1/2-1/2"]
[WhiteElo "2169"]
[BlackElo "2301"]
[PlyCount "106"]
[EventDate "1999.10.23"]

1.e4 e5 2.Nf3 Nc6 3.Bb5 a6 4.Bxc6 dxc6 5.O-O Qd6 6.d3 Ne7 7.Be3 Ng6 8.Nbd2
Be7 9.Qe2 f6 10.d4 O-O 11.Rfd1 Qe6 12.Qc4 Kh8 13.h3 a5 14.Qxe6 Bxe6 15.c4 
exd4 16.Nxd4 Bf7 17.f4 Rfe8 18.Kf2 Bb4 19.N4f3 Bd6 20.g3 c5 21.Ng1 Ne7 22.
Ne2 Nc6 23.Nc3 Nb4 24.b3 Rad8 25.Nf1 Bg6 26.Kf3 Bf8 27.f5 Bf7 28.Bf4 c6 
29.Bc7 Ra8 30.Ne3 Rec8 31.Bb6 Be8 32.Na4 Kg8 33.Bxc5 b5 34.Bxf8 bxa4 35.
Bxb4 axb4 36.c5 Bf7 37.Rab1 axb3 38.axb3 Rd8 39.Rxd8+ Rxd8 40.Nc4 Rd3+ 41.
Kf4 Rc3 42.Rd1 Bxc4 43.bxc4 Rxc4 44.Rd8+ Kf7 45.Rb8 g5+ 46.Ke3 Rc3+ 47.Kd4
Rxg3 48.Rb7+ Ke8 49.Rxh7 b3 50.e5 b2 51.Rb7 Rxh3 52.exf6 b1=Q 53.Rxb1 Kf7 
1/2-1/2

[Event "XXI Festival"]
[Site "Arco ITA"]
[Date "1999.10.27"]
[Round "5"]
[White "Ager, Josef"]
[Black "Diotallevi, Maurizio"]
[Result "1-0"]
[WhiteElo "2330"]
[BlackElo "1909"]
[PlyCount "55"]
[EventDate "1999.10.23"]

1.d4 d5 2.Nf3 Nf6 3.c4 e6 4.g3 Be7 5.Bg2 O-O 6.O-O c6 7.Qc2 Nbd7 8.Rd1 b6 
9.b3 Ba6 10.Nbd2 Rc8 11.e4 c5 12.exd5 exd5 13.Bb2 cxd4 14.Nxd4 b5 15.Qf5 
g6 16.Qh3 bxc4 17.bxc4 dxc4 18.Bc3 Nc5 19.Nc6 Qe8 20.Nxe7+ Qxe7 21.Qh4 Kg7
22.Re1 Qd6 23.Ne4 Nxe4 24.Rxe4 Rfe8 25.Rf4 Re5 26.Rxf6 Qxf6 27.Qxf6+ Kxf6 
28.f4 1-0

[Event "XXI Festival"]
[Site "Arco ITA"]
[Date "1999.10.27"]
[Round "5"]
[White "Arlandi, Ennio"]
[Black "Heinig, Wolfram"]
[Result "1-0"]
[WhiteElo "2465"]
[BlackElo "2296"]
[PlyCount "109"]
[EventDate "1999.10.23"]

1.d4 Nf6 2.c4 d6 3.Nc3 Nbd7 4.e4 e5 5.Nf3 g6 6.Be2 Bg7 7.O-O O-O 8.Qc2 c6 
9.Rd1 Qe7 10.Rb1 Re8 11.d5 c5 12.Ne1 Rf8 13.Bg5 h6 14.Bh4 Nb8 15.a3 g5 16.
Bg3 h5 17.f3 h4 18.Bf2 Nh5 19.b4 b6 20.bxc5 bxc5 21.Rb2 Nf4 22.Rdb1 Na6 
23.Bf1 f5 24.g3 hxg3 25.hxg3 Nh5 26.exf5 Bxf5 27.Ne4 Rab8 28.Bd3 Rxb2 29.
Rxb2 g4 30.fxg4 Bxg4 31.Be3 Bf5 32.Qh2 Nf4 33.Bb1 Nh3+ 34.Kg2 Rb8 35.Kh1 
Qf8 36.Rxb8 Nxb8 37.Qe2 Bh6 38.Nf6+ Qxf6 39.Bxf5 Qxf5 40.Bxh6 Nf2+ 41.Kg2 
Ng4 42.Bc1 e4 43.Bf4 Nd7 44.Bxd6 Qh5 45.Kg1 Nb6 46.Bxc5 Nxc4 47.Qxc4 Qh2+ 
48.Kf1 Qh1+ 49.Ke2 Ne5 50.Qb3 Qh2+ 51.Kd1 Qh5+ 52.Kc1 Qe2 53.Qc3 Nc4 54.d6
e3 55.d7 1-0